Komerční banka Bratislava, a.s. výročná správa 1999

Guardado en:
Detalles Bibliográficos
Formato: Libro
Lenguaje:eslovaco
inglés
Publicado: Bratislava Komerční banka Bratislava 2000
Materias:
Etiquetas: Agregar Etiqueta
Sin Etiquetas, Sea el primero en etiquetar este registro!

MARC

LEADER 00000nam a2200000 4500
001 c124453
005 20221108083238.8
041 0 |a slo 
041 0 |a eng 
044 |a SK 
245 1 0 |a Komerční banka Bratislava, a.s.  |b výročná správa 1999 
264 1 |a Bratislava  |b Komerční banka Bratislava  |c 2000 
300 |a 49 s. 
610 2 0 |a banky 
610 2 0 |a služby bankové 
610 2 0 |a služby finančné